00941cam a22002531 4500001001300000003000400013005001700017008004100034010001700075035001900092040003700111042001200148043001200160050002100172100004100193245006500234260007400299300008300373490007000456500007700526650002800603700003900631999001700670gs 06000781 DLC20260227111304.0800229s1906 vauabf s000 0 eng c ags 06000781  a(OCoLC)6035928 aLibrary, U.S. Geol.cTxDaMEdDLC apremarc an-us-va00aQE173b.A2 no. 31 aGrover, Nathan Clifford,d1868-1956.10aHydrography of Virginia,cby N. C. Grover and R. H. Bolster. a[Richmond, Va.]bPub. by Board of agriculture and immigration,c1906. a3 p. l., [5]-233 p.billus., x pl. (partly fold., incl. diagrs., maps)c24 cm.0 aVirginia. Geological survey. Geological series. Bulletin no. III. aAt head of title: Virginia Department of agriculture and immigration ... 0aWater-supplyzVirginia.1 aBolster, R. H.q(Roy Hale),d1877- c24475d24475